000 00537nam a22001817a 4500
003 Ost
005 20250402105222.0
008 250402b |||||||| |||| 00| 0 eng d
020 _a9781569570708
040 _cBT-PhCST
050 _a4626
082 _222
_a294.3444
_bCHO
100 _aPema, Chodron .
245 _aComfortable with uncertainty :
_b108 teachings on cultivating fearlessness and compassion /
260 _aSouth Asia,
_bShambhala South Asia Edition,
_cc2002
300 _axvii, 130 p. :
_bill. ;
_c22 cm.
942 _2ddc
_cF
999 _c9970
_d9970